| 000 | 01225nam a2200289Ia 4500 | ||
|---|---|---|---|
| 003 | Ost | ||
| 005 | 20260416102354.0 | ||
| 008 | 260416s9999||||xx |||||||||||||| ||und|| | ||
| 040 | _cfsecg | ||
| 041 | _aara | ||
| 082 | _a658 | ||
| 100 |
_aمسرحد، بلال _eمؤلف |
||
| 245 | 0 |
_aمحاضرات في مقياس مدخل إلى إدارة الأعمال / _c بلال مسرحد |
|
| 260 |
_aالجزائر _bجامعة الجزائر3: كلية العلوم الإقتصادية، العلوم التجارية وعلوم التسيير _c2019 |
||
| 300 |
_a110 ورقة _bايضاحات _c30 سم |
||
| 504 | _aمراجع ص.105 | ||
| 520 | _aمفاهيم حول الادارة و إدارة الاعمال، تطور الفكر الاداري، وظائف العملية الادارية | ||
| 653 | _aاتخاذ القرارات | ||
| 653 | _aادارة الاعمال | ||
| 653 | _aالاتصال | ||
| 653 | _aالادارة | ||
| 653 | _aالتخطيط | ||
| 653 | _aالتنظيم | ||
| 653 | _aالرقابة | ||
| 710 |
_aجامعة الجزائر3: كلية العلوم الإقتصادية، العلوم التجارية وعلوم التسيير _eناشر علمي |
||
| 942 | _cHANDOUT | ||
| 999 |
_c41116 _d41116 |
||